| 000 | 00000nam##2200000za#4500 |
| 001 | 9.643045 |
| 003 | CaOODSP |
| 005 | 20210624224004 |
| 007 | cr ||||||||||| |
| 008 | 150407|2004||||xxc|||||o f|0| 0 fre|d |
| 040 | |aCaOODSP|bfre |
| 043 | |an-cn--- |
| 086 | 1 |aEn164-2/2004F-PDF |
| 110 | 1 |aCanada. |bEnvironnement Canada. |
| 245 | 10|aNos Grands Lacs : |h[ressource électronique]|bce qui leur arrive, ce que cela signifie et ce que vous pouvez faire pour les aider à demeurer de Grands Lacs / |c[co-publié par le] Great Lakes National Program Office, U.S. Environmental Protection Agency. |
| 260 | |aToronto - Ontario : |bEnvironnement Canada |c[2004]. |
| 300 | |a15p.|bgraphiques, cartes (certaines en couleur), tableau, photographies |
| 500 | |aLe n° de catalogue (En164-2/2004F) et l'ISBN (0-662-76045-X) de l'édition imprimée ont été incorrectement copiés dans l'édition électronique. |
| 590 | |a14-08-Supp|b2014-04-10 |
| 691 | 07|aConservation de l'environnement|2gcpds |
| 691 | 07|aLac|2gcpds |
| 775 | 08|tOur Great Lakes : |w(CaOODSP)9.699044 |
| 856 | 40|ahttp://publications.gc.ca|qPDF|s3.33 Mo|uhttps://publications.gc.ca/collections/collection_2014/ec/En164-2-2004-fra.pdf |